01353nam a22003254a 4500001001100000003000800011006001900019007001500038008004100053010001700094020001500111040002100126035002000147050002700167082001900194245014300213260007200356300002400428504005100452533015200503650002600655650004700681650003000728650003300758655002900791700004600820710001700866856012500883999001901008ebr2000737CaPaEBRm u cr cn|||||||||990818s2000 enka sb 001 0 eng  z 99045853  z0521653045 aCaPaEBRcCaPaEBR a(OCoLC)4700867514aRC451.4.A5bH67 2000eb04a618.97/68922100aHormones, gender, and the aging brainh[electronic resource] :bthe endocrine basis of geriatric psychiatry /cedited by Mary F. Morrison. aCambridge, UK ;aNew York, NY :bCambridge University Press,c2000. axvi, 359 p. :bill. aIncludes bibliographical references and index. aElectronic reproduction.bPalo Alto, Calif. :cebrary,d2013.nAvailable via World Wide Web.nAccess may be limited to ebrary affiliated libraries. 0aGeriatric psychiatry. 0aOlder peoplexDiseasesxEndocrine aspects. 0aAgingxEndocrine aspects. 0aOlder peoplexMental health. 7aElectronic books.2local1 aMorrison, Mary F.q(Mary Frances),d1958-2 aebrary, Inc.40uhttp://site.ebrary.com/lib/rucke/Doc?id=2000737zAn electronic book accessible through the World Wide Web; click to view c126028d126028